000
00321nam a2200133Ia 4500
005
20260326235451.0
008
260326s9999||||xx |||||||||||||| ||und||
100
_a
Fitch, James Marston
245
0
_a
Walter Gropius /
_c
James Marston Fitch
260
_b
Bruguera
300
_a
128 p.
650
_a
ARQUITECTOS
942
_c
BK
999
_c
7755
_d
7755